| 000 | 00899cam a2200265 a 4500 | ||
|---|---|---|---|
| 001 | 381792 | ||
| 003 | CO-ViMGA | ||
| 005 | 20230915233601.0 | ||
| 008 | 970918s1996 mx a r 00110 spa d | ||
| 020 | _a9682612861 | ||
| 040 |
_aCO-ViMGA _bspa _cCO-ViMGA |
||
| 082 | 0 | 4 |
_a625.7 _bO54e _219 ed. |
| 100 | 1 |
_aOlivera Bustmante, Fernando. _912796 |
|
| 245 | 1 | 0 |
_aEstructuración de vías terrestres / _cFernando Olivera Bustamante ; revisión técnica Rene Dominguez Peña. |
| 250 | _a2a. ed. | ||
| 260 |
_aMexico : _bCompañía Editorial Continental, _c1996. |
||
| 300 |
_axiv, 413 p. : _bil. ; _c25 cm. |
||
| 504 | _aIncluye bibliográfia e indice. | ||
| 650 | 1 | 4 |
_aCarreteras. _912797 |
| 650 | 1 | 4 |
_aConstrucción de carreteras. _912798 |
| 650 | 1 | 4 |
_aPavimentos. _99634 |
| 650 | 6 |
_aMateriales para carreteras. _912799 |
|
| 700 | 1 |
_aDominguez Peñą, Rene, _erev. _912800 |
|
| 942 |
_2ddc _cBK |
||
| 999 |
_c37050 _d37050 |
||